Переписка по разным предметам

Доступно только в Электронных читальных залах Найти на картеНа карте
RUSMARC
00003920nmc2a22000003x 450
00154e0b009-72da-46ee-a65d-0b235766c769
00520190604134117.0
100##$a20180919l18651865k l0rusy0189 ca
1010#$arus
102##$aRU
2001#$aПереписка по разным предметам
$j26 мая - 24 октября 1865 г.
251##$cДело
300##$aДело
300##$aОриг. заголовок дела: Дело о сношении с разными присутственными местами и лицами. 26 мая 1865 г. - 24 октября 1865 г
801#0$aRU
$bРГИА
$c20180919
$gRCR
801#1$aRU
$bГлавНИВЦ
$c20180919
$2rusmarc
801#2$aRU
$bПБ им. Б.Н. Ельцина
$c20190604
$gRCR
$2rusmarc
850##$aРГИА
852##$aРГИА
$eФедеральное казенное учреждение "Российский государственный исторический архив" (РГИА)
$j8485
937##$hРГИА
$d12263581
$aASBIBLIO_SCAN
462#0$1001786879b4-a89f-4ea9-a0d5-aba360d3e83d
$12001
$a1811-1884 гг.
$1251
$cОпись
$1852
$j3
461#0$10019264ebf8-de62-4f1a-9eb4-9f22098dbbd5
$12001
$aДирекция императорских театров МИДв
$1251
$cФонд
$1852
$j497
215##$a8 л.
$d36,5х26 см
371##$aДокумент не является опубликованным и широко распространяемым
105##$ay###
1222#$ad
5171#$aДело о сношении с разными присутственными местами и лицами. 26 мая 1865 г. - 24 октября 1865 г
035##$a54e0b009-72da-46ee-a65d-0b235766c769
856##$uhttp://readingroom.main.prlib.ru/item.aspx?id_node=n129889451&mode=full
Формат отображения